Countries King Charles III has Visited - Statistics

General Stats
  • This quiz has been taken 61 times
    24 since last reset
  • The average score is 85 of 113
Answer Stats
Continent Country % Correct
Europe Cyprus
100%
Europe Malta
100%
North America Antigua and Barbuda
90%
South America Argentina
90%
Oceania Australia
90%
Europe Austria
90%
North America Bahamas
90%
South America Brazil
90%
Europe Bulgaria
90%
North America Canada
90%
Asia China
90%
Europe Croatia
90%
South America Ecuador
90%
Africa Egypt
90%
Europe Germany
90%
Europe Greece
90%
Europe Hungary
90%
Europe Ireland
90%
Asia Israel
90%
Asia Japan
90%
North America Mexico
90%
Europe Montenegro
90%
Africa Nigeria
90%
Europe North Macedonia
90%
Europe Poland
90%
Europe Portugal
90%
Europe Romania
90%
Europe Slovakia
90%
Europe Slovenia
90%
Europe United Kingdom
90%
North America United States of America
90%
Europe Belgium
80%
Asia Bhutan
80%
Europe Bosnia and Herzegovina
80%
Asia Brunei
80%
South America Colombia
80%
North America Cuba
80%
Europe Czech Republic
80%
Europe Denmark
80%
Europe Estonia
80%
Oceania Fiji
80%
Europe France
80%
Asia India
80%
Asia Indonesia
80%
Asia Iran
80%
North America Jamaica
80%
Asia Kazakhstan
80%
Africa Kenya
80%
Europe Latvia
80%
Africa Lesotho
80%
Europe Lithuania
80%
Europe Monaco
80%
Africa Morocco
80%
Europe Netherlands
80%
Europe Norway
80%
Asia Oman
80%
Oceania Papua New Guinea
80%
Asia Qatar
80%
Asia/ Europe Russia
80%
Europe Serbia
80%
Africa South Africa
80%
Asia South Korea
80%
Europe Spain
80%
Europe Sweden
80%
Europe Switzerland
80%
Asia Thailand
80%
Asia United Arab Emirates
80%
Asia Bahrain
70%
North America Barbados
70%
Africa Botswana
70%
Africa Cameroon
70%
South America Chile
70%
North America Dominica
70%
North America Grenada
70%
South America Guyana
70%
Europe Italy
70%
Europe Kosovo
70%
Asia Kyrgyzstan
70%
Asia Malaysia
70%
Asia Nepal
70%
Oceania New Zealand
70%
North America Saint Kitts and Nevis
70%
North America Saint Lucia
70%
North America Saint Vincent and the Grenadines
70%
Oceania Solomon Islands
70%
Asia/ Europe Turkey
70%
Africa Uganda
70%
Europe Ukraine
70%
South America Uruguay
70%
Africa Zambia
70%
Africa Zimbabwe
70%
Asia Afghanistan
60%
Africa Eswatini
60%
Africa Ghana
60%
Asia Iraq
60%
Asia Jordan
60%
Africa Rwanda
60%
Oceania Samoa
60%
Asia Singapore
60%
Africa Tanzania
60%
North America Trinidad and Tobago
60%
Europe Vatican City
60%
South America Venezuela
60%
Africa Ivory Coast
50%
Africa Libya
50%
Aaia Philippines
50%
Asia Sri Lanka
50%
Asia Uzbekistan
50%
Oceania Vanuatu
50%
Africa Gambia
40%
Asia Kuwait
40%
Asia Turkmenistan
30%
Africa Malawi
10%
No matching quizzes found
Score Distribution
Percent of People with Each Score
Percentile by Number Answered
Your Score History
You have not taken this quiz since the last reset